000 00510nam a2200169Ia 4500
003 GCL
008 140319s9999 xx 000 0 ara d
040 _aGCL /
_cGCL
082 0 4 _a813.03
_bح ر
100 1 _aحسين عطوان
245 1 0 _aالرواية الادبية فى بلاد الشام فى العصر الاموى /
_cحسين عطوان
300 _a395 ص
490 _a
650 0 4 _aالقصة العربية
650 0 4 _aالادب العربى - تاريخ ونقد
942 _2ddc
_cBK
999 _c39062
_d39062